000 00614nam a2200241Ia 4500
003 OSt
005 20220924153720.0
006 a|||||r|||| 00| 0
007 ta
008 220923b |||||||| |||| 00| 0 tam d
024 _a351405
037 _cTextual
040 _aARTS
_cARTS
_btam
041 _2tam
_atam
082 _aO31:g(Y:351), M6
100 _aArinunambi Au.
_9229595
245 0 _aTamilagattil terukkultu
260 _c1986
650 _a TAMIL POETRY
650 _aTAMIL LITERATURE
942 _hO31:g(Y:351), M6
_cTEXL
_2CC
999 _c474597
_d474597